Top 5 Most Common Surnames in Africa - Statistics

General Stats
  • This quiz has been taken 10 times
  • The average score is 2 of 5
Answer Stats
Most Common Countries Surname % Correct
Libya, Eritrea & Somalia Ali
100%
Egypt, Nigeria & Sudan Ahmed
56%
Chad, Comoros & Egypt Mohamed/Mahamat
33%
Egypt, Nigeria & Sudan Ibrahim
22%
Egypt, Nigeria & Sudan Hassan
11%
No matching quizzes found
Score Distribution
Percent of People with Each Score
Percentile by Number Answered
Your Score History
You have not taken this quiz